Auf der Suche nach einem Feind

Vďaka reformám novej vlády sa Slovensko dostalo do integrácie a v roku 2004 vstúpilo do NATO a následne do EÚ. Z „čiernej diery na mape Európy“ sa rýchlo stal „tatranský tiger“. Liberálne reformy však neboli prospešné pre všetkých. Niektorí ľudia v dôsledku toho veľmi trpeli a strany, ktoré sľuboval...

Ausführliche Beschreibung

Gespeichert in:
Bibliographische Detailangaben
1. Verfasser: Štefančík, Radoslav, 1976-
Format: Buchkapitel
Sprache:Deutsch
Schlagworte:
Tags: Tag hinzufügen
Keine Tags, Fügen Sie das erste Tag hinzu!

MARC

LEADER 00000naa$a2200000$$$4500
001 0313246
005 20251120092958.0
041 0 |a ger 
044 |a DE 
245 1 0 |a Auf der Suche nach einem Feind  |c Radoslav Štefančík 
520 |a Vďaka reformám novej vlády sa Slovensko dostalo do integrácie a v roku 2004 vstúpilo do NATO a následne do EÚ. Z „čiernej diery na mape Európy“ sa rýchlo stal „tatranský tiger“. Liberálne reformy však neboli prospešné pre všetkých. Niektorí ľudia v dôsledku toho veľmi trpeli a strany, ktoré sľubovali jednoduché riešenia zložitých problémov, získali na popularite. 
610 2 0 |a politika 
610 2 0 |a vláda 
610 2 0 |a voľby 
610 2 0 |a populizmus 
610 2 0 |a integrácia 
100 1 |a Štefančík, Radoslav, 1976-